Responses for show #2062 - Tuesday, July 20, 1993

1993 Seniors Tournament semifinal game 2.

Contestants

[<< previous game]

Will Herrera, a retired airline pilot originally from Pueblo, Colorado

Mack Owen, a university professor originally from Camilla, Georgia

Noel Higgins, an editor and writer from Durham, Connecticut

[next game >>]

Jeopardy! Round responses

JESUS
SONGS FROM MUSICALS
EUROPEAN TRAVEL
NUTS
CAVES
HODGEPODGE
    $100 1
Friday

Noel
    $100 16
The Sound of Music

Will
    $100 3
Helsinki

Mack
    $100 11
pistachio

Noel
    $100 18
bats

Mack
    $100 13
French & English

Noel
    $200 2
men

Will
    $200 17
Cabaret

Mack
    $200 7
anchovies

Mack
    $200 12
almonds

Will
    $200 19
ropes

Will
    $200 14
an octopus

Triple Stumper
    $300 4
the Sea of Galilee

Mack
    $300 20
Oliver!

Will
    $300 8
Denmark

Noel
    $300 15
a cashew

Will
    $300 22
Mammoth Cave

Mack
    $300 24
San Francisco

Mack
    $400 5
Egypt

Mack
    $400 21
(Mack: What is Jesus Christ Superstar?)
[A bit of audience laughter]

Mame

Mack
Triple Stumper
    $400 9
Albania

Noel
    $400 27
macadamias

Mack
    $400 23
Virginia

Will
    $400 25
Dole

Mack
    $500 6
unleavened bread

Noel
    $500 30
Cats

Noel
    $600 10
Poland

Noel
    $500 28
walnuts

Will
    $500 29
New Zealand

Mack
    $500 26
(1 of) Thomas Jefferson (James Madison)

Mack

Scores at the first commercial break (after clue 15):

Noel Mack Will
$2,100 $1,000 $700

Scores at the end of the Jeopardy! Round:

Noel Mack Will
$2,600 $3,300 $2,200

Double Jeopardy! Round responses

AMERICAN HISTORY
KIDDIE LIT
THE OSCARS
ROYALTY
ART
OCTOGENARIANS
    $200 1
tea

Will
    $200 11
Nancy Drew

Noel
    $200 2
Thelma & Louise

Mack
    $200 20
the Wars of the Roses

Mack
    $200 3
Japan

Will
    $200 4
Arthur Fiedler

Will
    $400 10
Cambodia

Noel
    $400 12
Lewis Carroll

Noel
    $400 14
Tatum O'Neal

Noel
    $400 21
(Will: Who is Grace Kelly?)

Princess Stephanie

MackWill
    $400 7
(Alexander) Calder

Noel
    $400 5
Frank Lloyd Wright

Noel
    $600 25
Three Mile Island

Noel
    $600 13
Dr. Dolittle

Mack
    $600 28
David Niven

Mack
    $600 22
Catherine the Great

Mack
    $600 17
Philadelphia

Noel
    $600 6
Casals

Mack
    $1,000 26
(Noel: [After a long pause] Who is Archduke Ferdinand?)

President Garfield

Noel
    $800 15
Grew

Noel
    $800 29
Irving Thalberg

Noel
    $800 23
(Mack: What is Spain?)

Portugal

MackWill
    $800 18
Georgia O'Keeffe

Mack
    $1,000 8
(Noel: Oh boy... I'm gonna guess; who is [*]?)
(Alex: That's a good guess.)
[Audience applause and happy reaction from Noel]
(Alex: Think of old guys at the Convention and he's the one that comes to mind; he's a snappy dresser, too.)

Ben Franklin

Noel
    $1000 27
the Sullivan brothers (the Sullivans)

Will
    $1000 16
(Frances Hodgson) Burnett

Mack
    $1000 30
Rex Harrison

Mack
    $1000 24
(Will: Who are William & Mary?)
(Mack: Who are Elizabeth I and... Mary I?)

Elizabeth I & James I

MackWill
Triple Stumper
    $1000 19
(Marcel) Duchamp

Mack
    $1000 9
Konrad Adenauer

Will

Scores at the end of the Double Jeopardy! Round:

Noel Mack Will
$7,600 $8,500 $4,200

[wagering suggestions for these scores]

Final Jeopardy! Round responses

ATTORNEYS GENERAL
[Will wrote an O over the A in "What".]
(Alex: [To Mack] You were thinking of John Foster and Allen, I suppose; they were brothers.)
[Alex never mentioned Tom, who was the attorney general under Truman.]
WillWhat was Clark?
$4,200
NoelWhat is Brown
$5,000
MackWhat was Dulles
$8,500
(Ramsey) Clark

Final scores:

Noel Mack Will
$2,600 $0 $8,400
2nd place: $5,000 3rd place: $5,000 Finalist

Game dynamics:

Coryat scores:

Noel Mack Will
$8,300 $8,500 $4,200
19 R
(including 2 DDs),
1 W
(including 1 DD)
23 R,
3 W
14 R,
2 W

Combined Coryat: $21,000

The J! Archive is created by fans, for fans. The Jeopardy! game show and all elements thereof, including but not limited to copyright and trademark thereto, are the property of Jeopardy Productions, Inc. and are protected under law. This website is not affiliated with, sponsored by, or operated by Jeopardy Productions, Inc. Join the discussion at JBoard.tv.